| 000 | 00833 a2200157 4500 | ||
|---|---|---|---|
| 003 | Nust | ||
| 005 | 20230130103842.0 | ||
| 040 | _cNust | ||
| 082 | _a920,MAU | ||
| 100 |
_aMaurice,F _949636 |
||
| 245 |
_aThe life of Lord Wolseley / _cMajor General Sir F. Maurice |
||
| 260 |
_bLondon _aWilliam Heinemann _c1924 |
||
| 505 | _aThe Army on The Eve of The Crimean War (Page-1), Burma Crimea, Indian Mutiny, China (Page-14), Canada, American Civil War, Red River (Page-34), Cardwell Reforms, Ashanti Expedition (Page-54), Natal, 1875, Cyprus 1878 (Page-70), South Africa (Page-114), The Attempts to Save Gordon (Page-164), The War Office and Preparation For War (Page-220), In Command in Ireland (Page-249), Commander-In-Chief (Page-278), Preparation for the South African War (Page-300). | ||
| 650 |
_aBiography _9461 |
||
| 942 |
_2ddc _cBK |
||
| 999 |
_c187128 _d187128 |
||